Ordinateurs personnels des années 80 - Statistiques

Statistiques générales
  • Ce quiz a été pris 10 fois
    2 depuis la dernière actualisation
  • Le résultat moyen est 8 sur 20
Statistiques - réponses
Par images Réponse % Correct
Amiga 500
100%
Amstrad CPC 464
100%
Commodore 64
100%
Apple II
50%
Apple Lisa
50%
Apple Macintosh
50%
Atari 800
50%
IBM PC
50%
Matra Alice
50%
MSX
50%
Sinclair Spectrum
50%
Thomson TO7
50%
Atari 520 ST
0%
BBC
0%
Dragon 32
0%
Hector
0%
Oric 1
0%
Oric Atmos
0%
Sinclair ZX81
0%
Thomson MO5
0%
Aucun quiz correspondant
Distribution des résultats
% des personnes avec chaque résultat
Percentile par nombre de réponses
Votre historique - résultats
Vous n’avez pas pris ce quiz depuis la dernière actualisation